| 000 | 00498cam a2200205ua 4500 | ||
|---|---|---|---|
| 001 | 8403 | ||
| 008 | 150129n ii |||gr||||Z||||||eng | ||
| 020 | _a9780195622577 | ||
| 040 | _cMAIN | ||
| 041 | _aeng | ||
| 082 | _a823 | ||
| 100 |
_aCorbett, J., _eAuthor. |
||
| 245 | 1 |
_aThe temple tiger and more man-eaters of Kumaon _cBy Jim Corbett |
|
| 250 | _a38th. | ||
| 260 |
_aNew Delhi: _bOxford, _c2007. |
||
| 300 | _a182p. | ||
| 653 | _aEnglish fiction | ||
| 653 | _aEnglish novels | ||
| 942 | _cBK | ||
| 999 |
_c7512 _d7512 |
||